Una modesta proposición (Record no. 149059)

MARC details
000 -LEADER
campo de control de longitud fija 00703nam a2200205 4500
001 - NÚMERO DE CONTROL
campo de control 149059
003 - IDENTIFICADOR DE NÚMERO DE CONTROL
campo de control ES-MaACL
005 - FECHA Y HORA DE LA ÚLTIMA TRANSACCIÓN
campo de control 20230906202930.0
007 - CAMPO FIJO DE DESCRIPCIÓN FÍSICA--INFORMACIÓN GENERAL
campo de control de longitud fija t|
008 - DATOS DE LONGITUD FIJA--INFORMACIÓN GENERAL
campo de control de longitud fija 070214s1972 sp r ||||1| spa d
100 1# - ENTRADA PRINCIPAL--NOMBRE DE PERSONA
Nombre de persona Swift, Jonathan.
9 (RLIN) 108944
245 14 - MENCIÓN DEL TÍTULO
Título Una modesta proposición
Resto del título : ; Consejos a los criados ; Proyecto para un hospital de incurables /
Mención de responsabilidad, etc. Jonathan Swift ; traducción de E. Gallo, R. Boero.
260 ## - PUBLICACIÓN, DISTRIBUCIÓN, ETC.
Lugar de publicación, distribución, etc. Madrid :
Nombre del editor, distribuidor, etc. Mauricio d'Ors,
Fecha de publicación, distribución, etc. 1972.
300 ## - DESCRIPCIÓN FÍSICA
Extensión 104 p. :
Otras características físicas il. ;
Dimensiones 18 cm.
700 1# - ENTRADA AGREGADA--NOMBRE PERSONAL
Nombre de persona Gallo, E.
9 (RLIN) 53633
700 1# - ENTRADA AGREGADA--NOMBRE PERSONAL
Nombre de persona Boero, R.
9 (RLIN) 29755
740 0# - ENTRADA AGREGADA--TÍTULO RELACIONADO/ANALÍTICO NO CONTROLADO
Título relacionado o analítico no controlado Consejos a los criados.
740 0# - ENTRADA AGREGADA--TÍTULO RELACIONADO/ANALÍTICO NO CONTROLADO
Título relacionado o analítico no controlado Proyecto para un hospital de incurables.
852 ## - LOCALIZACIÓN
Ubicación ES-MaACL
Número de control de estantería C-52771
Sublocalización o colección R.84001
Holdings
Estatus retirado Estado de pérdida Estado de daño No para préstamo Biblioteca de origen Biblioteca actual Ubicación en estantería Fecha de adquisición Fuente de adquisición Total de préstamos Signatura topográfica completa Código de barras Visto por última vez Precio de reemplazo Tipo de ítem Koha
        Biblioteca del Ateneo de Madrid Biblioteca del Ateneo de Madrid Depósito 2 17/01/2008     C-52771 1155548 23/02/2023 23/02/2023 Libro impreso